[Event "Stay Safe Play From Home 310"]
[Site "Emanuel Lasker Arena"]
[Date "2020.07.17"]
[Round "8"]
[White "AChessPlayer"]
[Black "Bardellosport"]
[Result "1-0"]
[WhiteElo "2415"]
[BlackElo "1960"]
[Annotator "TA"]
[PlyCount "123"]
[EventDate "2020.07.17"]
[EventType "swiss (blitz)"]

{[%evp 9,123,64,68,68,86,69,81,87,155,2,43,34,33,12,50,65,53,62,89,47,54,53,146,81,75,63,87,45,76,46,106,58,66,76,85,85,87,0,57,0,42,-64,25,-29,56,19,325,316,443,433,637,527,482,482,735,735,710,699,613,428,610,610,594,592,577,570,568,557,771,764,784,764,718,700,802,793,768,753,693,552,773,733,803,748,887,885,1082,1032,887,884,812,795,29966,29969,29970,29972,29973,29974,29974,29975,29974,29975,29975,29976,29975,29975,29977,7642,29980,29980,29981,29982,29986,29982,29983,29984]} 1. e4 e6 2. Nf3 d5 3. Nc3 c6 4. d4 f5 5. exf5 exf5 6. Bd3 {B15: Caro-Kann: 3 Nc3: 3...g6 and 3...dxe4 4 Nxe4 Nf6 5 Nxf6+ exf6.} Nf6 7. O-O Ne4 8. Re1 {White is better.} Bd6 (8... Be7 $142) 9. Ne5 $2 (9. Bg5 $16 Be7 10. Bxe4 fxe4 11. Nxe4 $1 {[%mdl 512]}) 9... Bxe5 10. dxe5 O-O 11. f3 {[#]} (11. Be3 {with more complications.} Qe7 12. Ne2 Nd7 13. f4 Nb6 14. b3) 11... Qb6+ $146 ({Predecessor:} 11... Nxc3 12. bxc3 Qe7 13. Bf1 Be6 14. a4 f4 15. Ba3 c5 16. c4 dxc4 17. Qd6 Qf7 18. Qxc5 {1-0 (42) Matrahalmi,T (2233)-Javor,S (2279) Hungary 2009}) 12. Be3 Nxc3 $1 13. bxc3 ({Don't play} 13. Bxb6 Nxd1 14. Bd4 {[#]} c5 $1 $17 {[%mdl 512]}) 13... Qd8 14. c4 Be6 15. cxd5 Bxd5 ({Better is} 15... Qxd5 $14 16. Bf2 Nd7) 16. c4 ({White should play} 16. Bc5 Re8 17. Bxf5) 16... Be6 $16 17. Be2 Qe7 18. Rb1 b6 19. Qd6 Qf7 (19... Qxd6 $14 20. exd6 Re8) 20. c5 b5 21. a4 a6 22. axb5 axb5 23. f4 (23. Ra1 $16 Rxa1 24. Rxa1) 23... Bd5 (23... Ra7 $11 24. Qd2 Rd7) 24. Bf2 (24. Ra1 $14 Rxa1 25. Rxa1) 24... Re8 25. Bg3 (25. Ra1 $14 Rxa1 26. Rxa1) 25... Nd7 ({Black should try} 25... Na6 $15 26. Bf3 Rad8 27. Bxd5 Qxd5 28. Qxd5+ Rxd5) 26. Rbd1 (26. Bf3 $142 $1) 26... Qe6 (26... Re6 $11 27. Qc7 Nxe5 28. Qxf7+ Nxf7) 27. Rxd5 cxd5 $4 {[%mdl 8192] This move loses the game for Black.} (27... Qxd5 $11 28. Qxd5+ cxd5) 28. Bxb5 $18 Qxd6 (28... Nf8 {is a better defense.} 29. Bxe8 Rxe8) 29. cxd6 Red8 (29... Nf8 $142 30. Bc6 Ne6 31. Bxd5 (31. Bxe8 Rxe8 32. Bh4 g5 $18) 31... Ra7) 30. Bc6 Ra6 31. Bh4 Rxc6 (31... Nf6 $142 32. Bb7 Raxd6 33. exd6 Rxd6 34. Bxf6 Rxf6 35. Bxd5+ Kf8) 32. Bxd8 {[%mdl 4096] Endgame KRB-KRN} Kf7 33. e6+ {[%mdl 64] Double Attack} Ke8 34. Bh4 {Ra1 would kill now.} Nc5 (34... Nf6 $142 35. d7+ Ke7) 35. d7+ Nxd7 36. exd7+ Kxd7 {KRB-KR} 37. Re7+ Kd6 38. Rxg7 Kc5 39. Bf2+ Kc4 40. g3 Rd6 41. Rc7+ Kb5 42. Rc5+ Kb4 43. Rc8 {And now Bc5+ would win.} d4 44. Be1+ Kb3 45. Kf1 d3 46. Bd2 Re6 47. Rc3+ Kb2 48. Rxd3 Kc2 49. Rd5 Ra6 50. Be1 Kb3 51. Rxf5 Kc4 52. Re5 Rh6 53. h4 Rg6 54. h5 Rf6 55. Kg2 Ra6 56. Bf2 Ra2 57. Kf3 Kd3 58. Be3 (58. f5 $142 Ra8 59. Re7 Rd8 60. Rxh7 Rf8 61. g4 Kc4 62. h6 Rc8 63. Rd7) 58... Ra1 59. g4 {White mates.} Rf1+ 60. Bf2 Kd2 61. g5 Rh1 62. g6 {Accuracy: White = 58%, Black = 35%.} 1-0

[Event "Stay Safe Play From Home 310"]
[Site "Emanuel Lasker Arena"]
[Date "2020.07.17"]
[Round "8"]
[White "Lazieri3"]
[Black "Mepe_Nika"]
[Result "0-1"]
[WhiteElo "2178"]
[BlackElo "2352"]
[Annotator "TA"]
[PlyCount "78"]
[EventDate "2020.07.17"]
[EventType "swiss (blitz)"]

{[%evp 11,78,19,21,-32,-25,-52,-47,-42,-34,-41,-31,-37,-26,-39,0,-16,-16,-33,-25,-70,10,2,7,-20,-10,-25,22,-111,-70,-96,-69,-77,-78,-89,-76,-78,-41,-96,-93,-88,-100,-189,-120,-303,-318,-341,-312,-936,-932,-1422,-1247,-5373,-4061,-5202,-5089,-29983,-29983,-29986,-29981,-29987,-29983,-29983,-29984,-29984,-29985,-29985,-29986,-29987,-29988]} 1. e4 e5 2. Nf3 Nc6 3. d4 exd4 4. Nxd4 Nf6 5. Nxc6 bxc6 6. Bd3 d5 7. O-O {C45: Scotch Game.} (7. Qe2 $11) 7... dxe4 $15 8. Re1 Be7 9. Bc4 {Black is slightly better.} Qxd1 10. Rxd1 O-O {[#]} 11. Nc3 $146 ({Predecessor:} 11. Bg5 Re8 12. Nc3 Bf5 13. Re1 Rab8 14. Bb3 Rbd8 15. Ba4 Bd7 16. Rad1 Bb4 17. Bxf6 gxf6 18. Rxe4 Bxc3 19. Rxe8+ Rxe8 20. bxc3 {½-½ (33) Munt Serrano,J (1752)-Creixans Comerma,M (1616) Barcelona 2018}) 11... Bg4 12. Re1 Rfe8 13. h3 Bf5 14. Bg5 Bb4 (14... Rab8 {keeps more tension.} 15. Bb3 Bd6 16. Re2 Nd7 17. Ba4 Rb6) 15. Re3 Bxc3 (15... h6 $15 16. Bxf6 gxf6) 16. Rxc3 $11 Nd5 $36 {[%mdl 2048] Black fights for an advantage.} 17. Rb3 h6 18. Be3 Nb6 19. Bxb6 (19. Ba6 $11 {keeps the balance.}) 19... axb6 (19... cxb6 {looks sharper.} 20. g4 Bg6 21. Rc3 Rad8 22. Re1 Kf8) 20. a3 Be6 (20... Rad8 {seems wilder.} 21. Rc3 Rd4 22. b4 Bd7 23. Re1 Kf8) 21. Bxe6 Rxe6 $15 {[%mdl 4096] Endgame KRR-KRR} 22. Re1 f5 23. f3 Rae8 24. fxe4 ({Better is} 24. Rbe3 $15) 24... Rxe4 $17 25. Rxe4 Rxe4 $15 {KR-KR} ({But not} 25... fxe4 $6 26. Kf2 $11) 26. Kf2 {[#]} (26. Rf3 $17 {was necessary.}) 26... Kf7 (26... Rc4 $1 $19 27. Rc3 Rxc3 28. bxc3 Kf7) 27. Re3 $2 {[#] This costs White the game.} (27. Rd3 $17 {is a better defense.}) 27... Rxe3 $1 $19 28. Kxe3 {KP-KP} g5 29. g4 $2 (29. b3 Ke6 30. c3) 29... Ke6 30. gxf5+ Kxf5 31. Kf3 h5 32. a4 c5 {[%cal Bc6c5,Bc5c4][%mdl 32]} 33. c3 c4 {Black mates.} 34. Kg3 Ke4 35. h4 gxh4+ 36. Kxh4 Kd3 37. Kxh5 Kc2 38. Kg5 Kxb2 39. a5 bxa5 {Accuracy: White = 32%, Black = 72%.} 0-1

[Event "Stay Safe Play From Home 310"]
[Site "Emanuel Lasker Arena"]
[Date "2020.07.17"]
[Round "8"]
[White "Grizzzly"]
[Black "Klasman"]
[Result "1-0"]
[WhiteElo "1901"]
[BlackElo "1300"]
[Annotator "TA"]
[PlyCount "49"]
[EventDate "2020.07.17"]
[EventType "swiss (blitz)"]

{[%evp 10,49,27,32,41,21,26,27,50,53,71,80,113,29,86,50,118,-109,83,71,91,4,0,-95,0,-18,198,-35,85,0,38,31,29,23,16,0,179,-21,-13,-13,-10,-12]} 1. d4 f5 2. c4 Nf6 3. Nc3 e6 4. g3 c6 5. Bg2 d5 6. Nf3 Bb4 {A90: Dutch Defence: Miscellaneous and Modern Stonewall (with ...Bd6).} 7. cxd5 (7. O-O {with more complications.} O-O 8. Qb3 Bd6 9. Ne1 Nbd7 10. Nd3) 7... cxd5 8. O-O {[#]} Bxc3 $146 {White has an edge.} ({Predecessor:} 8... O-O 9. a3 Bd6 10. Nb5 Nc6 11. Nxd6 Qxd6 12. b4 Bd7 13. Bb2 Qe7 14. Ne5 Kh8 15. Nxd7 Qxd7 {1-0 (45) Bedrossian,D (1694)-Tabatadze,G Beirut 2015}) 9. bxc3 Nc6 10. Ba3 Ne4 11. Qc2 (11. c4 $16) 11... Bd7 (11... Qa5 $11 {remains equal.} 12. Bb2 Bd7) 12. Rab1 $36 {[%mdl 2048] White has good play.} Qc7 (12... Qa5 $14 13. Rb3 Qa6) 13. Nd2 $2 (13. Qc1 $16) 13... b6 $2 (13... Nxd4 $1 $17 {and life is bright.} 14. Qd3 Nxc3) 14. Nxe4 dxe4 15. f3 (15. c4 $16) 15... Nxd4 $11 {[%mdl 64] Pin} 16. Qd2 {[#]} (16. Qb2 $11 {keeps the balance.} exf3 17. cxd4 (17. exf3 Nb5 $11) 17... fxg2 18. Rfc1) 16... Nb5 (16... Qxc3 $1 $17 {[%mdl 512]} 17. Rfd1 (17. Qxc3 Nxe2+) 17... exf3 18. Bxf3 Qxd2 19. Rxd2 Nxf3+ 20. exf3 Rc8) 17. Bb2 O-O $2 (17... Nd6 $11) 18. fxe4 $2 (18. c4 $1 $18) 18... fxe4 (18... Bc6 $15 {stays ahead.}) 19. Bxe4 (19. c4 $1 $16 {[%cal Rc4b5]} Rxf1+ 20. Rxf1) 19... Rxf1+ 20. Rxf1 Bc6 21. Bxc6 Qxc6 22. Qe3 Rc8 $2 {[#]} (22... Re8 $11 {and Black stays safe.}) 23. Rc1 $2 ({White has to play} 23. c4 $1 $18 {[%cal Rc4b5][%mdl 512]} Nc7 {[#]} (23... Qxc4 24. Rc1) 24. Bxg7 $1 {[%mdl 512]}) 23... Qc5 24. Qxc5 Rxc5 25. a4 {[%mdl 32768] Accuracy: White = 38%, Black = 32%. . Loss on time!?} 1-0

[Event "Stay Safe Play From Home 310"]
[Site "Emanuel Lasker Arena"]
[Date "2020.07.17"]
[Round "8"]
[White "Haris kollari 13"]
[Black "Little champs"]
[Result "0-1"]
[WhiteElo "1671"]
[BlackElo "2281"]
[Annotator "NA"]
[PlyCount "66"]
[EventDate "2020.07.17"]
[EventType "swiss (blitz)"]

1. e4 {[%emt 0:00:01]} c5 {[%emt 0:00:02]} 2. Nf3 {[%emt 0:00:00]} d6 {[%emt 0:00:00]} 3. d4 {[%emt 0:00:00]} cxd4 {[%emt 0:00:00]} 4. Nxd4 {[%emt 0:00:00]} Nf6 {[%emt 0:00:00]} 5. Nc3 {[%emt 0:00:00]} a6 {[%emt 0:00:00]} 6. f4 {[%emt 0:00:01]} e5 {[%emt 0:00:00]} 7. Nf3 {[%emt 0:00:02]} exf4 {[%emt 0:00:00]} 8. Bxf4 {[%emt 0:00:03]} Be7 {[%emt 0:00:01]} 9. Qd2 {[%emt 0:00:01]} O-O {[%emt 0:00:01]} 10. O-O-O {[%emt 0:00:01]} Nc6 {[%emt 0:00:00]} 11. Kb1 {[%emt 0:00:01]} Qa5 {[%emt 0:00:01]} 12. h3 {[%emt 0:00:01]} Be6 {[%emt 0:00:01]} 13. g4 {[%emt 0:00:03]} Rfc8 {[%emt 0:00:01]} 14. g5 {[%emt 0:00:05]} Nh5 {[%emt 0:00:02]} 15. Be3 {[%emt 0:00:06]} Nb4 {[%emt 0:00:02]} 16. a3 {[%emt 0:00:02]} Rxc3 {[%emt 0:00:06]} 17. Qxc3 {[%emt 0:00:02]} Nc6 {[%emt 0:00:01]} 18. Qxa5 {[%emt 0:00:02]} Nxa5 {[%emt 0:00:00]} 19. Nd4 {[%emt 0:00:01]} Ng3 {[%emt 0:00:01]} 20. Nxe6 {[%emt 0:00:02]} Nxh1 {[%emt 0:00:03]} 21. Nc7 {[%emt 0:00:03]} Rc8 {[%emt 0:00:01]} 22. Nd5 {[%emt 0:00:01]} Bf8 {[%emt 0:00:00]} 23. Bg2 {[%emt 0:00:10]} Ng3 {[%emt 0:00:01]} 24. Bf3 {[%emt 0:00:01]} g6 {[%emt 0:00:02]} 25. Bf4 {[%emt 0:00:02]} Nh5 {[%emt 0:00:02]} 26. Bxh5 {[%emt 0:00:01]} gxh5 {[%emt 0:00:00]} 27. Nf6+ {[%emt 0:00:00]} Kh8 {[%emt 0:00:00]} 28. Nxh5 {[%emt 0:00:00]} Nc4 {[%emt 0:00:00]} 29. b3 {[%emt 0:00:03]} Nxa3+ {[%emt 0:00:01]} 30. Kb2 {[%emt 0:00:00]} Nb5 {[%emt 0:00:01]} 31. c4 {[%emt 0:00:01]} Nc7 {[%emt 0:00:02]} 32. Nf6 {[%emt 0:00:01]} Bg7 {[%emt 0:00:01]} 33. e5 {[%emt 0:00:02]} Ne6 {[%emt 0:00:02] Time (Lag: Av=0.84s, max=2.7s)} 0-1

[Event "Stay Safe Play From Home 310"]
[Site "Emanuel Lasker Arena"]
[Date "2020.07.17"]
[Round "9"]
[White "Broken sword"]
[Black "Grizzzly"]
[Result "1-0"]
[WhiteElo "2420"]
[BlackElo "1902"]
[Annotator "TA"]
[PlyCount "33"]
[EventDate "2020.07.17"]
[EventType "swiss (blitz)"]

{[%evp 11,33,0,15,-10,-10,-15,-4,-11,0,-9,-8,-24,68,73,76,54,59,70,778,781,1123,788,1597,685]} 1. d4 d5 2. Nf3 e6 3. c4 Nf6 4. cxd5 exd5 5. Nc3 c6 6. Bg5 Be7 7. Bxf6 {D35: Queen's Gambit Declined: Exchange Variation.} Bxf6 8. e3 O-O 9. Bd3 {The position is equal.} Nd7 10. Qc2 g6 11. h4 {[#]} Qe8 $146 (11... h5 $11) ({Predecessor:} 11... h6 12. O-O-O Bg7 13. g4 Re8 14. Rdg1 Nf8 15. Nd1 {½-½ (15) Kulinski,P (1532)-Grotheer,O (1693) Ditzingen 2006}) 12. h5 $14 Qe7 13. hxg6 fxg6 14. O-O-O ({And not} 14. Bxg6 hxg6 15. Qxg6+ Qg7 $17) 14... c5 $2 {[%mdl 8192]} (14... Rf7 $14) 15. Nxd5 $18 {White is clearly winning.} Qe6 16. Bc4 Kh8 {[#]} 17. Nc7 {White took control after the opening. Accuracy: White = 79%, Black = 37%.} (17. Nf4 $142 $1 Qe8 18. Nxg6+ {[%mdl 64] Double Attack} Kg7 {[#]} 19. Rxh7+ $1 {[%mdl 512]} Kxh7 20. Ne7+ Kg7 21. Nf5+ Kg6 22. Rh1) 1-0

[Event "Stay Safe Play From Home 310"]
[Site "Emanuel Lasker Arena"]
[Date "2020.07.17"]
[Round "9"]
[White "Mepe_Nika"]
[Black "Greblah"]
[Result "1-0"]
[WhiteElo "2362"]
[BlackElo "1849"]
[Annotator "TA"]
[PlyCount "83"]
[EventDate "2020.07.17"]
[EventType "swiss (blitz)"]

{[%evp 9,82,0,17,-37,-7,1,0,7,8,9,7,-32,23,-50,113,113,143,141,141,109,171,142,141,147,162,98,135,125,137,145,200,161,428,435,425,406,443,407,438,423,449,441,448,389,557,513,785,772,813,595,1076,1065,1041,898,29979,29980,29980,29980,12842,12843,12843,12843,12844,12844,29994,29995,29995,29996,29996,29997,29997,29997,29998,29999,29999]} 1. g3 c6 2. Bg2 d5 3. d3 Nf6 4. Nc3 g6 5. e4 Bg7 6. Bg5 {[#] A00: Irregular Openings.} ({Better is} 6. e5 $11 Ng4 7. d4) 6... Nbd7 $146 ({Predecessor:} 6... O-O 7. Qd2 Be6 8. Nf3 dxe4 9. dxe4 Qb6 10. O-O Nbd7 11. e5 Ng4 12. Bxe7 Rfe8 {0-1 (20) Snuverink,M (2053)-Admiraal,M (2339) Maastricht 2014}) 7. exd5 Nxd5 8. Nxd5 {The position is equal.} cxd5 9. c3 h6 10. Bf4 e6 (10... e5 $15 11. Bc1 O-O) 11. Qd2 ({White should try} 11. d4 $11) 11... O-O $2 (11... e5 $15 {keeps the upper hand.} 12. Be3 d4 13. cxd4 exd4) 12. Bxh6 $16 Nc5 {Black wants to play ...Bxh6.} 13. Bxg7 Kxg7 14. h4 Rh8 (14... e5 $16) 15. Ne2 Bd7 16. O-O $36 {[%mdl 2048] Black is under strong pressure.} Bb5 {[#]} 17. d4 (17. c4 $1 $18 {[%mdl 512]} dxc4 18. Qc3+ Kg8 19. dxc4) 17... Nd7 18. a4 Ba6 19. Rfe1 Nf6 (19... Bxe2 $16 20. Qxe2 (20. Rxe2 Rc8 $16) 20... Rc8) 20. Nf4 $18 {Black must now prevent Rxe6!} Rc8 $2 {[#]} (20... Nh5 {keeps fighting.} 21. Nxe6+ fxe6) 21. Rxe6 $1 {[%mdl 512]} Re8 (21... fxe6 22. Nxe6+) 22. Rxe8 Qxe8 23. Nxd5 Nxd5 24. Bxd5 Qd7 25. Bf3 Bc4 26. a5 a6 (26... Bd5 $142 27. Bxd5 Qxd5) 27. Re1 Rc6 (27... Bd5 $142 28. Bxd5 Qxd5) 28. Bxc6 Qxc6 {[%mdl 4096] Endgame KQR-KQB} 29. d5 Bxd5 30. Qd4+ Kh7 {[#]} 31. h5 $1 {White wants to mate with h6!} Bh1 (31... gxh5 32. Re5) 32. hxg6+ Kxg6 33. Qg4+ Kf6 34. f3 Bxf3 35. Rf1 Qc5+ 36. Kh2 Qh5+ 37. Qxh5 {White mates.} Ke7 38. Qxf3 f6 39. Qxf6+ Kd7 40. Qb6 Kc8 41. Rf7 {[%csl Gf7][%cal Rb6c7]} Kb8 42. Qxb7# {Accuracy: White = 72%, Black = 34%.} 1-0

[Event "Stay Safe Play From Home 310"]
[Site "Emanuel Lasker Arena"]
[Date "2020.07.17"]
[Round "9"]
[White "Little champs"]
[Black "AChessPlayer"]
[Result "0-1"]
[WhiteElo "2282"]
[BlackElo "2418"]
[Annotator "TA"]
[PlyCount "122"]
[EventDate "2020.07.17"]
[EventType "swiss (blitz)"]

{[%evp 9,122,0,0,0,66,31,28,28,35,28,52,38,33,44,41,46,39,26,33,27,47,58,51,16,27,13,31,0,6,-9,0,-10,11,0,0,0,0,0,0,0,0,0,0,-34,-33,-137,-39,-40,0,0,0,0,0,0,0,0,0,0,0,0,0,0,0,0,0,0,0,0,0,0,0,0,0,0,0,0,0,0,0,0,0,0,0,0,0,-2,-2,-60,-11,-11,-14,-26,0,0,0,0,2,-8,-8,-8,-8,-8,0,-414,-414,-137,-149,-29980,-65,-29990,-29991,-29991,-29992,-29996,-29997]} 1. d4 c6 2. e3 d5 3. Nf3 Nf6 4. c4 Bg4 5. cxd5 cxd5 6. Qb3 {D11: Slav Defence: 3 Nf3 sidelines and 3...Nf6 4 e3 Bg4.} Qb6 (6... Qc7 $11 7. Nc3 e6) 7. Ne5 Qxb3 8. axb3 {White has an edge.} Bd7 9. Nc3 {[#]} a6 $146 ({Predecessor:} 9... e6 10. Bd2 Bb4 11. f3 O-O 12. Na4 Bxd2+ 13. Kxd2 Bxa4 14. bxa4 Rc8 15. Bb5 a6 {1-0 (34) Cerveny,M (2329)-Kudr,R (1909) Hradec Kralove 2018}) 10. Nb5 Bxb5 11. Bxb5+ {[%mdl 64] Pin} Nbd7 12. Nxd7 Nxd7 13. Bd3 e6 14. Bd2 Rc8 15. Ke2 Bd6 16. Rhc1 Ke7 17. g3 g6 18. f4 h5 19. h4 Nf6 20. Kf3 Rc7 21. Rxc7+ Bxc7 22. Rc1 Bd6 23. b4 Kd7 24. b5 axb5 25. Bxb5+ Ke7 26. Ba5 Ra8 27. b4 {[#]} (27. Bc3 $15) 27... Ne4 (27... b6 $1 $17 {[%cal Rb6a5][%mdl 512]} 28. Bxb6 Rb8) 28. Bd3 $15 Nd2+ 29. Ke2 Nb3 30. Rb1 Nxa5 31. bxa5 Rxa5 32. Rxb7+ $11 {[%mdl 4096] Endgame KRB-KRB} Kf6 33. Bb5 Ra2+ 34. Kf3 Ra3 35. Be8 {[%csl Ge8][%cal Rb7f7]} Be7 36. Ke2 Ra2+ 37. Kf3 Ra8 38. Bc6 {Rxe7! is the strong threat.} Ra1 39. Bd7 Rf1+ 40. Ke2 Rg1 41. Kf2 Rc1 42. Kf3 Ra1 43. Rc7 Ra8 44. Rb7 Bd6 45. Bb5 Kg7 46. Bd3 Ba3 47. Bb5 Bc1 48. e4 ({White should play} 48. Rc7 $11 Bd2 49. Rc2) 48... Ra3+ 49. Ke2 dxe4 50. Be8 Re3+ 51. Kd1 Ba3 52. Rxf7+ Kg8 53. Rd7 Rxg3 54. Bf7+ Kf8 55. Bxe6 e3 56. d5 $2 {[%mdl 8192]} (56. Ke2 $11 {and White stays safe.}) 56... Rg2 $19 57. Rf7+ $2 (57. Rd8+ $19 Ke7 58. Rb8) 57... Ke8 $17 58. Bd7+ $2 {[%mdl 8192]} (58. Rb7 $17) 58... Kd8 $2 (58... Kxf7 {mates} 59. Bb5 Rd2+ 60. Ke1 Bb4 61. Be2 Rd4+ {[%mdl 64] Discovered Attack} 62. Kf1 Rxf4+ {[%mdl 64] Double Attack} 63. Bf3 Rxf3+ 64. Ke2 Rh3 65. Kd3 Bc5 66. d6 Bxd6 67. Ke2 Ke6 68. Kd3 Kd5 69. Ke2 Kc4 70. Kd1 Rh2 71. Ke1 Bg3+ {[%mdl 64] Double Attack} 72. Kf1 e2+ 73. Kg1 e1=Q#) 59. Be6 $2 {[%mdl 8192]} (59. Bb5 $15) 59... e2+ {Black mates.} 60. Kd2 Bb4+ 61. Kc2 e1=Q+ {Accuracy: White = 71%, Black = 82%.} 0-1

[Event "Stay Safe Play From Home 310"]
[Site "Emanuel Lasker Arena"]
[Date "2020.07.17"]
[Round "9"]
[White "Lamborghini"]
[Black "Haris kollari 13"]
[Result "1-0"]
[WhiteElo "2231"]
[BlackElo "1670"]
[Annotator "NA"]
[PlyCount "53"]
[EventDate "2020.07.17"]
[EventType "swiss (blitz)"]

1. e4 {[%emt 0:00:03]} e6 {[%emt 0:00:00]} 2. d3 {[%emt 0:00:01]} d5 {[%emt 0:00:00]} 3. Nd2 {[%emt 0:00:01]} c6 {[%emt 0:00:01]} 4. Ngf3 {[%emt 0:00:01]} Nf6 {[%emt 0:00:01]} 5. g3 {[%emt 0:00:02]} Nfd7 {[%emt 0:00:01]} 6. Bg2 {[%emt 0:00:01]} h5 {[%emt 0:00:01]} 7. h4 {[%emt 0:00:01]} Be7 {[%emt 0:00:01]} 8. d4 {[%emt 0:00:01]} f6 {[%emt 0:00:01]} 9. O-O {[%emt 0:00:01]} g5 {[%emt 0:00:02]} 10. c4 {[%emt 0:00:03]} g4 {[%emt 0:00:03]} 11. Ne1 {[%emt 0:00:02]} dxe4 {[%emt 0:00:01]} 12. Nxe4 {[%emt 0:00:01]} f5 {[%emt 0:00:01]} 13. Ng5 {[%emt 0:00:01]} Rg8 {[%emt 0:00:05]} 14. Nxe6 {[%emt 0:00:01]} Qa5 {[%emt 0:00:04]} 15. Bd2 {[%emt 0:00:01]} Qb6 {[%emt 0:00:03]} 16. c5 {[%emt 0:00:01]} Qxb2 {[%emt 0:00:03]} 17. Nd3 {[%emt 0:00:01]} Qxd4 {[%emt 0:00:02]} 18. Nxd4 {[%emt 0:00:02]} Nxc5 {[%emt 0:00:05]} 19. Nxc5 {[%emt 0:00:01]} Bxc5 {[%emt 0:00:01]} 20. Re1+ {[%emt 0:00:01]} Kf7 {[%emt 0:00:01]} 21. Qb3+ {[%emt 0:00:01]} Kg7 {[%emt 0:00:05]} 22. Bc3 {[%emt 0:00:01]} Kh7 {[%emt 0:00:01]} 23. Ne6 {[%emt 0:00:02]} Bxe6 {[%emt 0:00:02]} 24. Rxe6 {[%emt 0:00:02]} Nd7 {[%emt 0:00:04]} 25. Qxb7 {[%emt 0:00:02]} Rad8 {[%emt 0:00:02]} 26. Qxc6 {[%emt 0:00:01]} Bb6 {[%emt 0:00:02]} 27. Rh6# {[%emt 0:00:01] (Lag: Av=0.38s, max=0.8s)} 1-0